Rozpoznaj miasto po zdjęciu #3 - Statystyki

Ogólne statystyki
  • Ten quiz został rozwiązany 36 razy
  • Średni wynik to 6 z 16
Statystyki odpowiedzi
Obrazkowy Odpowiedź % Poprawnych
Paryż
100%
Nowy Jork
97%
Stambuł
87%
Barcelona
57%
Singapur
40%
Edynburg
27%
Frankfurt
27%
Wrocław
23%
Pekin
20%
Madryt
17%
Buenos Aires
13%
Lizbona
13%
Płock
13%
Bolonia
10%
Sztokholm
7%
Montreal
3%
Nie znaleziono quizów pasujących do podanych kryteriów
Rozkład punktacji
Procent ludzi z każdym wynikiem
Percentyl według liczby udzielonych odpowiedzi
Twoja historia wyników
Nie rozwiązałeś tego quizu